000 00303 a2200121 4500
001 66647
040 _cAnchieta - Pituba
240 1 0 _a1ª Avaliação de Inglês, 3ª série
_lpor
245 1 0 _a1ª Avaliação de Inglês, 3ª série
362 0 _a2018
650 4 _aInglês e inglês antigo
942 _cBK
999 _c66647
_d66647